[Event "ProMoPro Open"]
[Site "Praha"]
[Date "2002.09.11"]
[Round "5.19"]
[White "Podbrdsky, Pavel"]
[Black "Vasek, Daniel"]
[Result "1-0"]
[WhiteElo "2105"]
[BlackElo "1762"]
[PlyCount "91"]
[EventDate "2002.09.07"]

1. Nf3 d5 2. d4 e6 3. c4 c6 4. e3 f5 5. Nc3 Nf6 6. Bd3 Bd6 7. O-O O-O 8. a3 a5
9. Rb1 Ne4 10. Ne5 Nd7 11. f4 Nxe5 12. dxe5 Be7 13. Bxe4 fxe4 14. b4 axb4 15.
axb4 Bd7 16. Qd4 b5 17. cxb5 cxb5 18. f5 Rc8 19. fxe6 Rxf1+ 20. Kxf1 Bxe6 21.
Nxb5 Qf8+ 22. Kg1 Bxb4 23. Bd2 Bc5 24. Qb2 Rb8 25. Qc1 Bg4 26. Qe1 Qe7 27. h3
Be6 28. Bc3 Rf8 29. Bd4 Bxd4 30. Nxd4 Bc8 31. Qg3 Ba6 32. e6 Bc4 33. Rb8 33...
g6 { } 34. Nf5 Qxe6 35. Nh6+ Kg7 36. Qc7+ Rf7 37. Nxf7 Qxf7 38. Qxf7+ Kxf7 39.
Rb7+ Kf6 40. Kf2 Bd3 41. Rxh7 Bc4 42. g4 g5 43. Rc7 Bd3 44. Rc1 Bc4 45. Rb1 Ke5
46. Rb8 {cerny vzdal} 1-0

[Event "ProMoPro Open"]
[Site "Praha"]
[Date "2002.09.11"]
[Round "5.11"]
[White "Londyn, Radek"]
[Black "Hoskovec, Josef"]
[Result "1-0"]
[WhiteElo "2176"]
[BlackElo "1865"]
[PlyCount "101"]
[EventDate "2002.09.07"]

1. e4 d5 2. exd5 Qxd5 3. Nc3 Qd6 4. d4 Nf6 5. h3 a6 6. Nf3 Nbd7 7. Bg5 e6 8.
Qd2 b5 9. Bf4 Qb6 10. Be2 Bb7 11. O-O Rd8 12. Rfe1 Bd6 13. Be3 b4 14. Na4 Qa5
15. b3 Ne4 16. Qd3 O-O 17. Nd2 Nxd2 18. Bxd2 c5 19. a3 cxd4 20. Qxd4 Be5 21.
Qxb4 Qc7 22. Rac1 Bh2+ 23. Kf1 Ne5 24. Be3 Nc6 25. Qb6 Qxb6 26. Bxb6 Bf4 27.
Bxd8 Bxc1 28. Rxc1 Rxd8 29. Nc5 Ba8 30. Rd1 Rxd1+ 31. Bxd1 Nd4 32. Nxa6 Be4 33.
Nb4 Kf8 34. f3 Bb7 35. a4 Ke7 36. c3 Nf5 37. Kf2 Kd6 38. Bc2 g6 39. Be4 Bxe4
40. fxe4 Ne7 41. Nd3 Nc8 42. Ke3 f6 43. c4 Na7 44. c5+ Kc7 45. b4 Nc6 46. b5
Na5 47. Kd4 Nb3+ 48. Kc3 Na5 49. Kb4 Nb7 50. a5 f5 51. a6 {cerny vzdal} 1-0

[Event "ProMoPro Open"]
[Site "Praha"]
[Date "2002.09.11"]
[Round "5.4"]
[White "Matras, Ondrej"]
[Black "Cvicela, Anton"]
[Result "1/2-1/2"]
[WhiteElo "2235"]
[BlackElo "2140"]
[PlyCount "101"]
[EventDate "2002.09.07"]

1. f4 c5 2. Nf3 Nc6 3. b3 d5 4. e3 a6 5. Bb2 e6 6. g3 Nf6 7. Bg2 g6 8. O-O Bg7
9. Qe2 O-O 10. d3 Ne8 11. Bxg7 Nxg7 12. Nbd2 Qc7 13. e4 dxe4 14. Nxe4 Nf5 15.
Qf2 b6 16. g4 Nd6 17. Nf6+ Kg7 18. Qh4 h6 19. Ne5 Bb7 20. Rae1 Rac8 21. Nfd7
Rfd8 22. Qf6+ 22... Kh7 { } 23. Nxf7 Rxd7 24. Rxe6 Rxf7 25. Qxg6+ Kh8 26. Rxd6
Nd4 27. Re1 Bxg2 28. Qxh6+ Rh7 29. Qf6+ Kg8 30. Qg6+ Qg7 31. Re8+ Rxe8 32.
Qxe8+ Qf8 33. Qxf8+ Kxf8 34. Kxg2 Nxc2 35. Rxb6 Nb4 36. Rb8+ Kg7 37. d4 Nd3 38.
dxc5 Nxc5 39. b4 Nd3 40. Kg3 Rh6 41. Rb7+ Kg8 42. a4 Re6 43. f5 Re4 44. b5 Rxa4
45. bxa6 Rxa6 46. h4 Ra4 47. f6 Nc5 48. Rg7+ Kf8 49. g5 Ne4+ 50. Kh3 Nxf6 51.
gxf6 {remis} 1/2-1/2

[Event "ProMoPro Open"]
[Site "Praha"]
[Date "2002.09.11"]
[Round "5.2"]
[White "Stehno, Pavel"]
[Black "Pribyl, Josef"]
[Result "1/2-1/2"]
[WhiteElo "2253"]
[BlackElo "2409"]
[PlyCount "89"]
[EventDate "2002.09.07"]

1. e4 d6 2. d4 Nf6 3. Nc3 e5 4. Nf3 Nbd7 5. Bc4 Be7 6. O-O O-O 7. h3 c6 8. a4
b6 9. d5 c5 10. Nh2 a6 11. Qd3 Ne8 12. b3 Bg5 13. Bb2 Ndf6 14. Nf3 Nh5 15. Nxg5
Qxg5 16. Ne2 Nc7 17. f4 exf4 18. Qf3 Bd7 19. Bc1 b5 20. Bd3 Qe5 21. Ra2 bxa4
22. bxa4 Rab8 23. c3 Ne8 24. Bc2 f6 25. Nxf4 Nxf4 26. Bxf4 Qe7 27. Qg3 Rf7 28.
h4 Bc8 29. h5 Qf8 30. Bd3 Kh8 31. Raf2 Rb3 32. Bc2 Rb2 33. Qd3 Qg8 34. c4 Rbb7
35. Bd2 h6 36. Qg3 Bd7 37. Bc3 Re7 38. Qg6 Re5 39. Bxe5 dxe5 40. Rb1 Rxb1+ 41.
Bxb1 Nd6 42. Bd3 Qd8 43. a5 Be8 44. Qg4 Qxa5 45. Qf3 {remis} 1/2-1/2

[Event "ProMoPro Open"]
[Site "Praha"]
[Date "2002.09.11"]
[Round "5.3"]
[White "Cernousek, Lukas"]
[Black "Masek, Miroslav"]
[Result "1-0"]
[WhiteElo "2294"]
[BlackElo "2204"]
[PlyCount "99"]
[EventDate "2002.09.07"]

1. e4 e6 2. d4 d5 3. Nd2 c5 4. Ngf3 Nf6 5. e5 Nfd7 6. c3 Nc6 7. Bd3 Qb6 8. O-O
a5 9. Qe2 cxd4 10. cxd4 Nxd4 11. Nxd4 Qxd4 12. Nf3 Qb6 13. Ng5 Nxe5 14. Qxe5 f6
15. Qe2 fxg5 16. Qh5+ g6 17. Bxg6+ Kd7 18. Bxg5 Bg7 19. Be8+ Kd6 20. Rac1 Rf8
21. Be3 d4 22. Qxh7 Be5 23. Rxc8 Rxe8 24. Rxa8 Rxa8 25. Bg5 Qc7 26. Qe4 Qc6 27.
Be7+ Kxe7 28. Qxe5 Rd8 29. Qg5+ Ke8 30. Rc1 Qb6 31. Qg8+ Ke7 32. Qg7+ Kd6 33.
h4 Rd7 34. Qf8+ Kd5 35. Qf3+ Kd6 36. Qf4+ Kd5 37. Qf3+ Kd6 38. h5 Qxb2 39. Qf8+
Ke5 40. Re1+ Kd5 41. Qf3+ Kc4 42. Qe4 Kc5 43. Qe5+ Kc4 44. h6 Rd5 45. Qe4 Kc5
46. Rb1 Qc3 47. h7 d3 48. Qe3+ Kd6 49. Qf4+ Kc6 50. Rc1 {cerny vzdal} 1-0

[Event "ProMoPro Open"]
[Site "Praha"]
[Date "2002.09.11"]
[Round "5.9"]
[White "Rous, Frantisek"]
[Black "Kubikova, Hana"]
[Result "0-1"]
[WhiteElo "2083"]
[BlackElo "2154"]
[PlyCount "106"]
[EventDate "2002.09.07"]

1. e4 c5 2. Nc3 Nc6 3. g3 g6 4. Bg2 Bg7 5. d3 d6 6. Be3 Rb8 7. f4 e6 8. Nf3 Nd4
9. O-O Ne7 10. Rb1 O-O 11. Ne2 Nxe2+ 12. Qxe2 Qa5 13. a3 b5 14. c3 Bb7 15. Bf2
Qc7 16. g4 f6 17. Rbe1 e5 18. fxe5 dxe5 19. d4 Bc8 20. h3 exd4 21. cxd4 cxd4
22. Nxd4 Qc4 23. Qe3 b4 24. Rc1 Qa2 25. b3 Qxa3 26. Ra1 Qb2 27. Rxa7 Re8 28.
Qf4 Bb7 29. Qc7 f5 30. gxf5 gxf5 31. Rxb7 Rxb7 32. Qxb7 Bxd4 33. Qd7 Bxf2+ 34.
Rxf2 Qc1+ 35. Rf1 Qc5+ 36. Kh1 Qc8 37. Qd6 fxe4 38. Qg3+ Ng6 39. Qe3 Qc3 40.
Qf2 Rf8 41. Qg1 Rxf1 42. Qxf1 e3 43. Bd5+ Kg7 44. Bc4 Qd4 45. Qf3 Qd2 46. Kg1
Qe1+ 47. Kh2 Ne5 48. Qb7+ Kh6 49. Qb6+ Ng6 50. Qe6 Qf2+ 51. Kh1 Qf3+ 52. Kh2
Kg5 53. Qd5+ 53... Qxd5 {bily vzdal} 0-1

[Event "ProMoPro Open"]
[Site "Praha"]
[Date "2002.09.11"]
[Round "5.26"]
[White "Janota, Jiri"]
[Black "Mikyska, Lubos"]
[Result "1/2-1/2"]
[WhiteElo "1574"]
[BlackElo "1564"]
[PlyCount "153"]
[EventDate "2002.09.07"]

1. e4 c6 2. d4 d5 3. Nc3 dxe4 4. Nxe4 Bf5 5. Ng3 Bg6 6. Nf3 Nd7 7. Bc4 e6 8.
O-O h6 9. Bf4 Ngf6 10. c3 Be7 11. Re1 O-O 12. Qd2 Re8 13. Bb3 Nd5 14. Bxd5 cxd5
15. h3 Rc8 16. Nf1 Nf6 17. N1h2 Bd6 18. Ne5 Bh7 19. Qe2 Qc7 20. Nhg4 Nxg4 21.
Qxg4 Bf5 22. Qg3 f6 23. Ng6 Bxf4 24. Nxf4 Re7 25. Re2 Rce8 26. Rae1 Qa5 27. a3
Qb5 28. Nh5 Kf8 29. Qd6 Qd7 30. Qb4 Kf7 31. Re3 Qc7 32. Ng3 Bh7 33. Qb3 Qd6 34.
Rf3 Bg6 35. Rfe3 Kf8 36. Qd1 Qb6 37. Qg4 Bh7 38. R1e2 Qd6 39. Qh5 a6 40. Rf3
Kg8 41. Rfe3 Kf8 42. Qg4 Kg8 43. Nh5 Kf8 44. Rxe6 Qd7 45. Rxe7 Rxe7 46. Qxd7
Rxd7 47. Nf4 Kf7 48. f3 Bb1 49. Kf2 Bf5 50. h4 g5 51. hxg5 hxg5 52. Nh5 Bg6 53.
Ng3 Rd8 54. Nh1 Rh8 55. Re1 Bd3 56. Ng3 Bg6 57. Nf1 Rd8 58. Kg3 Bd3 59. Nd2 Bc2
60. f4 gxf4+ 61. Kxf4 Rh8 62. Rc1 Ba4 63. b3 Bc6 64. Nf3 Rg8 65. g3 Rh8 66. c4
Re8 67. Nd2 Re2 68. cxd5 Bxd5 69. Nc4 Ke6 70. Ne3 Rf2+ 71. Kg4 Bf3+ 72. Kh3 Rb2
73. Rc3 Be4 74. b4 Rd2 75. d5+ Bxd5 76. Nxd5 Rxd5 77. Rc7 {remis} 1/2-1/2

[Event "ProMoPro Open"]
[Site "Praha"]
[Date "2002.09.12"]
[Round "6.21"]
[White "Cebis, Petr"]
[Black "Kucera, Tomas"]
[Result "0-1"]
[WhiteElo "1692"]
[BlackElo "2133"]
[PlyCount "40"]
[EventDate "2002.09.07"]

1. e4 c5 2. Nf3 Nc6 3. d4 cxd4 4. Nxd4 Nf6 5. Nc3 e5 6. Nf3 Bb4 7. Bg5 Qa5 8.
Bd2 O-O 9. Bd3 d5 10. Nxd5 Nxd5 11. exd5 Qxd5 12. Bxb4 Nxb4 13. a3 Nxd3+ 14.
Qxd3 Qxd3 15. cxd3 Bf5 16. O-O Bxd3 17. Rfe1 f6 18. Rad1 Rfd8 19. b4 Kf7 20.
Nd2 20... Bc2 {bily vzdal} 0-1

[Event "ProMoPro Open"]
[Site "Praha"]
[Date "2002.09.12"]
[Round "6.1"]
[White "Pribyl, Josef"]
[Black "Hausner, Ivan"]
[Result "1/2-1/2"]
[WhiteElo "2409"]
[BlackElo "2412"]
[PlyCount "22"]
[EventDate "2002.09.07"]

1. e4 c6 2. Nc3 d5 3. Nf3 Bg4 4. h3 Bxf3 5. Qxf3 e6 6. d3 Nd7 7. Bd2 Ngf6 8. g4
h6 9. Bg2 Bd6 10. exd5 exd5 11. O-O-O 11... O-O {remis} 1/2-1/2

[Event "ProMoPro Open"]
[Site "?"]
[Date "2002.09.12"]
[Round "6.24"]
[White "Mikyska, Lubomir"]
[Black "Pleskovskij, Andrej"]
[Result "0-1"]
[WhiteElo "1564"]
[BlackElo "2000"]
[PlyCount "60"]
[EventDate "2002.??.??"]

1. e4 Nf6 2. e5 Nd5 3. c4 Nb6 4. d4 d6 5. exd6 cxd6 6. Nf3 g6 7. Be2 Bg7 8. O-O
O-O 9. Nc3 Be6 10. b3 d5 11. c5 N6d7 12. Bf4 Nc6 13. Bb5 Nxc5 14. dxc5 Bxc3 15.
Rc1 Bg7 16. Bxc6 bxc6 17. Qd2 Bg4 18. Ne5 Bxe5 19. Bxe5 f6 20. Bf4 e5 21. Bg3
d4 22. h3 Bf5 23. f3 Qd5 24. b4 a5 25. a3 axb4 26. axb4 Ra2 27. Qd1 Rfa8 28.
Rf2 d3 29. Rd2 Rxd2 30. Qxd2 30... Ra2 {bily vzdal} 0-1

[Event "ProMoPro Open"]
[Site "Praha"]
[Date "2002.09.12"]
[Round "6.2"]
[White "Stehno, Pavel"]
[Black "Cernousek, Lukas"]
[Result "1/2-1/2"]
[WhiteElo "2253"]
[BlackElo "2294"]
[PlyCount "74"]
[EventDate "2002.09.07"]

1. f4 d5 2. Nf3 c6 3. b3 Bg4 4. e3 Nd7 5. Bb2 Qc7 6. d3 f6 7. Nbd2 e5 8. fxe5
fxe5 9. Be2 Ngf6 10. c4 Bd6 11. Qc2 Qb6 12. Nf1 O-O 13. O-O-O a5 14. h3 Bxf3
15. gxf3 a4 16. d4 exd4 17. exd4 axb3 18. Qxb3 Qxb3 19. axb3 Ba3 20. Bxa3 Rxa3
21. Kb2 Rfa8 22. Kc3 dxc4 23. Bxc4+ Nd5+ 24. Bxd5+ cxd5 25. Ne3 Nf6 26. Kb4 Kf7
27. Ng4 Nxg4 28. hxg4 R3a6 29. Rxh7 Rb6+ 30. Kc5 Rxb3 31. Kxd5 Rxf3 32. Rb1 Kg6
33. Rh5 Rb8 34. Ke4 Rf6 35. Rbb5 b6 36. Rhe5 Kf7 37. g5 37... Re6 {remis}
1/2-1/2

[Event "ProMoPro Open"]
[Site "Praha"]
[Date "2002.09.12"]
[Round "6.3"]
[White "Klicnar, Martin"]
[Black "Svatos, Jan"]
[Result "1/2-1/2"]
[WhiteElo "2225"]
[BlackElo "2279"]
[PlyCount "42"]
[EventDate "2002.09.07"]

1. c4 c6 2. Nf3 d5 3. g3 Nf6 4. Bg2 Bf5 5. b3 e6 6. O-O Nbd7 7. Bb2 Bd6 8. d3
Qe7 9. Qc2 e5 10. Nbd2 O-O 11. e4 dxe4 12. dxe4 Bg6 13. Nh4 Ba3 14. Bc3 a5 15.
Nxg6 hxg6 16. Nf3 Rfd8 17. Rfd1 Bb4 18. Bb2 Ba3 19. Bc3 Bb4 20. Bb2 Ba3 21. Bc3
21... Bb4 {remis} 1/2-1/2

[Event "ProMoPro Open"]
[Site "?"]
[Date "2002.09.12"]
[Round "6.16"]
[White "Kaiser, Rudolf"]
[Black "Janocko , Petr"]
[Result "1-0"]
[WhiteElo "2054"]
[BlackElo "1987"]
[PlyCount "62"]
[EventDate "2002.??.??"]

1. e4 c6 2. d4 d5 3. f3 dxe4 4. fxe4 e5 5. Nf3 exd4 6. Bc4 Be6 7. Bxe6 fxe6 8.
O-O Nd7 9. Nxd4 Bc5 10. Kh1 Bxd4 11. Qxd4 e5 12. Qc4 Qe7 13. Be3 Ngf6 14. Nc3
Ng4 15. Bg1 Ndf6 16. Bc5 Qf7 17. Qxf7+ Kxf7 18. h3 Nh6 19. g4 g5 20. Rf3 Ke6
21. Raf1 Nd7 22. Ba3 a5 23. Na4 Ng8 24. Rd1 Ndf6 25. Nc5+ Kf7 26. Rd7+ Ke8 27.
Rxb7 Rd8 28. Ne6 Rd1+ 29. Kg2 Rd2+ 30. Kf1 30... h6 { } 31. Rxf6 Nxf6 1-0

[Event "ProMoPro Open"]
[Site "Praha"]
[Date "2002.09.12"]
[Round "6.12"]
[White "Slovak, Pavel"]
[Black "Hackel, Ludek"]
[Result "1-0"]
[WhiteElo "1960"]
[BlackElo "2105"]
[PlyCount "84"]
[EventDate "2002.09.07"]

1. e4 c5 2. Nf3 Nc6 3. d4 cxd4 4. Nxd4 e5 5. Nb5 d6 6. N1c3 a6 7. Na3 Be6 8.
Nd5 Nf6 9. Bg5 Bxd5 10. exd5 Qa5+ 11. c3 Qxd5 12. Qxd5 Nxd5 13. Rd1 Nf6 14. Nc4
Rd8 15. Nb6 Be7 16. Bd3 h6 17. Bxf6 Bxf6 18. Nd5 Ne7 19. Nxf6+ gxf6 20. O-O f5
21. Rfe1 Rg8 22. g3 Kf8 23. Bc4 d5 24. Rxe5 f6 25. Re6 Kf7 26. Rde1 Nc6 27.
Bxa6 Ne5 28. R6xe5 fxe5 29. Bxb7 Kf6 30. a4 Rg7 31. Bc6 Rc7 32. Bb5 e4 33. Rd1
Ke5 34. Rd4 f4 35. Kf1 Rf8 36. Ke1 h5 37. Be2 h4 38. a5 hxg3 39. hxg3 fxg3 40.
fxg3 Rh7 41. Rd1 e3 42. Bd3 42... Rf2 {cerny vzdal} 1-0

[Event "ProMoPro Open"]
[Site "Praha"]
[Date "2002.09.12"]
[Round "6.15"]
[White "Hoskovec, Josef"]
[Black "Podbrdsky, Pavel"]
[Result "*"]
[WhiteElo "1865"]
[BlackElo "2105"]
[PlyCount "56"]
[EventDate "2002.09.07"]

1. e4 e5 2. f4 exf4 3. Nc3 Qh4+ 4. Ke2 Nf6 5. Nf3 Qh5 6. d4 g5 7. e5 Ng4 8. Nd5
Na6 9. Ke1 c6 10. Bxa6 cxd5 11. Be2 Bg7 12. h4 d6 13. Nxg5 h6 14. e6 hxg5 15.
Bxg4 Qg6 16. c3 Qe4+ 17. Kf2 fxe6 18. Re1 Qh7 19. Qa4+ Ke7 20. h5 Qd3 21. Kg1
Qg3 22. Bxf4 gxf4 23. Bf3 e5 24. dxe5 Bxe5 25. Rxe5+ dxe5 26. Qb4+ Kf6 27. Qd6+
Be6 28. Bxd5 28... Qe3+ {bily vzdal} *

[Event "ProMoPro Open"]
[Site "Praha"]
[Date "2002.09.12"]
[Round "6.4"]
[White "Kubikova, Hana"]
[Black "Kotek, Daniel"]
[Result "0-1"]
[WhiteElo "2154"]
[BlackElo "2270"]
[PlyCount "82"]
[EventDate "2002.09.07"]

1. c4 e6 2. Nf3 d5 3. b3 Nf6 4. Bb2 Be7 5. g3 O-O 6. Bg2 b6 7. O-O Bb7 8. d4
dxc4 9. bxc4 Na6 10. Ne5 Bxg2 11. Kxg2 c5 12. Qa4 Nb8 13. Rd1 cxd4 14. e3 d3
15. Rxd3 Qc8 16. Nd2 Qb7+ 17. f3 Rc8 18. Rd1 Na6 19. Nb3 Nb4 20. R3d2 a6 21. a3
21... Nc6 { } 22. Rd7 Nxd7 23. Rxd7 b5 24. Rxb7 bxa4 25. Nxc6 Rxc6 26. Nd4 Rxc4
27. Rxe7 Rb8 28. Kh3 h6 29. Nxe6 fxe6 30. Be5 Rb3 31. Rxg7+ Kf8 32. Ra7 Rc6 33.
Ra8+ Kf7 34. Ra7+ Ke8 35. Rh7 Rxa3 36. Rxh6 Rxe3 37. f4 a3 38. Rh8+ Kf7 39. Rd8
a2 40. Rd1 Rb6 41. Ra1 41... Re2 {bila vzdala} 0-1

[Event "ProMoPro Open"]
[Site "Praha"]
[Date "2002.09.12"]
[Round "6.18"]
[White "Trnka, Jaroslav"]
[Black "Nepustil , Frantisek"]
[Result "0-1"]
[WhiteElo "1784"]
[BlackElo "1957"]
[PlyCount "78"]
[EventDate "2002.09.07"]

1. d4 g6 2. c4 c5 3. d5 d6 4. e4 Bg7 5. Qc2 e5 6. Bd3 Nf6 7. Ne2 Nbd7 8. O-O
O-O 9. f4 exf4 10. Bxf4 Qe7 11. Nd2 Nh5 12. Be3 Ne5 13. Rab1 Ng4 14. Bf2 Bh6
15. Nf3 Nxf2 16. Kxf2 a5 17. h3 Nf6 18. Rbe1 Nd7 19. Nc3 Ne5 20. Kg1 Bf4 21.
Kh1 g5 22. Ne2 Nxf3 23. Rxf3 Be5 24. Ng3 g4 25. Nf5 Bxf5 26. Rxf5 Qh4 27. Qd2
Qg3 28. Kg1 Qh2+ 29. Kf1 Qh1+ 30. Kf2 Qh2 31. Rg5+ Kh8 32. Rxg4 Rg8 33. Be2
Bd4+ 34. Kf3 Rxg4 35. hxg4 Rg8 36. Qf4 Qh4 37. Qg3 Qe7 38. Rh1 Rg7 39. Qh3
39... Qf6+ {bily vzdal} 0-1

[Event "ProMoPro Open"]
[Site "Praha"]
[Date "2002.09.12"]
[Round "6.17"]
[White "Bilek, Bernhard"]
[Black "Novak, Vaclav"]
[Result "0-1"]
[WhiteElo "1829"]
[BlackElo "2111"]
[PlyCount "92"]
[EventDate "2002.09.07"]

1. e4 g6 2. d4 Bg7 3. Nc3 d6 4. f4 c6 5. Nf3 Nf6 6. Bd3 O-O 7. h4 Bg4 8. Be3
Nbd7 9. Qd2 b5 10. Rg1 Nb6 11. a3 Nc4 12. Bxc4 bxc4 13. Nh2 h5 14. e5 Nd5 15.
Nxg4 hxg4 16. Ne4 f6 17. O-O-O f5 18. Nc3 Rb8 19. Nxd5 cxd5 20. c3 Qb6 21. g3
Kf7 22. Qg2 e6 23. Qc2 dxe5 24. fxe5 Bxe5 25. Bh6 Bg7 26. Bxg7 Kxg7 27. Qe2 Qd6
28. Rd2 Rb6 29. Rg2 Kf7 30. Qe3 Rfb8 31. Kd1 Qc6 32. Qh6 Rg8 33. h5 g5 34. Rde2
Rg7 35. Re5 Qd7 36. Rge2 Qe8 37. Rxf5+ exf5 38. Qxg7+ Kxg7 39. Rxe8 Rxb2 40.
Re5 Kf6 41. Rxd5 f4 42. Rd6+ Kf5 43. Rd5+ Ke4 44. Rxg5 fxg3 45. Rxg4+ Kf3 46.
Rg8 46... g2 {bily vzdal} 0-1

[Event "ProMoPro Open"]
[Site "Praha"]
[Date "2002.09.12"]
[Round "6.20"]
[White "Voglova, Eva"]
[Black "Umanec, Filip"]
[Result "0-1"]
[WhiteElo "1690"]
[BlackElo "1855"]
[PlyCount "80"]
[EventDate "2002.09.07"]

1. d4 Nf6 2. c4 g6 3. Nc3 Bg7 4. e4 d6 5. Nf3 O-O 6. Be2 e5 7. d5 a5 8. O-O Na6
9. Ne1 Nd7 10. Nd3 f5 11. f3 f4 12. Bd2 Qh4 13. Be1 Qh5 14. a3 g5 15. b4 Rf6
16. g4 fxg3 17. Bxg3 Qg6 18. Rf2 h5 19. Rg2 Nf8 20. Kh1 Bh3 21. Rg1 Qf7 22. b5
Nb8 23. c5 Ng6 24. Rb1 Bh6 25. Nf2 Bc8 26. h4 g4 27. fxg4 27... Rxf2 { } 28.
gxh5 Qd7 29. Bg4 Qxg4 30. Qxg4 Bxg4 31. Bxf2 Bxh5 32. cxd6 cxd6 33. Rbf1 Nd7
34. Re1 Bd2 35. Re2 Bxc3 36. Rc2 Bd4 37. Bxd4 exd4 38. Rc7 Rd8 39. Kh2 Kf7 40.
Rxb7 40... d3 {bila vzdala} 0-1

[Event "ProMoPro Open"]
[Site "Praha"]
[Date "2002.09.12"]
[Round "6.10"]
[White "Serdamba, Cege"]
[Black "Borik, Juraj"]
[Result "0-1"]
[WhiteElo "1989"]
[BlackElo "2124"]
[PlyCount "51"]
[EventDate "2002.09.07"]

1. e4 c5 2. Nf3 d6 3. c3 Nf6 4. Bd3 Nc6 5. h3 e5 6. Bc2 Be7 7. O-O O-O 8. Re1
Qc7 9. d3 h6 10. Nbd2 d5 11. Nf1 d4 12. Ng3 Re8 13. Nh4 Bf8 14. Bb3 Be6 15.
Bxe6 Rxe6 16. c4 Rb8 17. Ne2 Nh5 18. Nc3 dxc3 19. Qxh5 cxb2 20. Bxb2 b5 21. Qe2
bxc4 22. dxc4 Nd4 23. Bxd4 cxd4 24. Nf3 Rc6 25. Rec1 Rb4 26. Nd2 {bily vzdal}
0-1

[Event "ProMoPro Open"]
[Site "Praha"]
[Date "2002.09.12"]
[Round "6.8"]
[White "Urbanek, Stepan"]
[Black "Londyn, Radek"]
[Result "1-0"]
[WhiteElo "2096"]
[BlackElo "2176"]
[PlyCount "55"]
[EventDate "2002.09.07"]

1. d4 f5 2. Bg5 h6 3. Bh4 g5 4. Bg3 Nf6 5. e3 d6 6. Bc4 e6 7. Nc3 Qe7 8. f3 Nc6
9. Nge2 Bd7 10. Qd2 O-O-O 11. O-O-O e5 12. d5 Na5 13. Bd3 b6 14. e4 fxe4 15.
fxe4 h5 16. Kb1 Bh6 17. Ba6+ Kb8 18. Qd3 h4 19. Be1 h3 20. gxh3 g4 21. Ng3 gxh3
22. Nb5 Bf4 23. Bxa5 Bxg3 24. hxg3 bxa5 25. Qb3 a4 26. Qb4 c5 27. dxc6 Bxc6 28.
Nd4+ {cerny vzdal} 1-0

[Event "ProMoPro Open"]
[Site "Praha"]
[Date "2002.09.12"]
[Round "6.6"]
[White "Taborsky, Rostislav"]
[Black "Matras, Ondrej"]
[Result "1-0"]
[WhiteElo "2236"]
[BlackElo "2235"]
[PlyCount "51"]
[EventDate "2002.09.07"]

1. d4 Nf6 2. c4 g6 3. Nc3 Bg7 4. e4 d6 5. Be2 O-O 6. Bg5 Nbd7 7. Qd2 e5 8. d5
a6 9. h4 Qe8 10. g4 Nc5 11. f3 Bd7 12. h5 b5 13. b4 Nb7 14. a3 a5 15. Rc1 axb4
16. axb4 Qb8 17. cxb5 Rc8 18. Bc4 Ra3 19. Nge2 Nd8 20. Kf1 Be8 21. Kg2 Qa7 22.
Be3 Qb7 23. Rh2 Nd7 24. Rch1 f6 25. hxg6 hxg6 26. Bh6 {cerny vzdal} 1-0

[Event "ProMoPro Open"]
[Site "Praha"]
[Date "2002.09.12"]
[Round "6.22"]
[White "Vasek, Daniel"]
[Black "Kudrna, Jakub"]
[Result "1/2-1/2"]
[WhiteElo "1762"]
[BlackElo "1597"]
[PlyCount "77"]
[EventDate "2002.09.07"]

1. e4 e5 2. Nc3 Nc6 3. Bc4 Nf6 4. d3 Be7 5. f4 d6 6. Nf3 Bg4 7. Be3 exf4 8.
Bxf4 a6 9. O-O Be6 10. Qe2 Bxc4 11. dxc4 O-O 12. Rad1 Qc8 13. Nd5 Bd8 14. Rde1
Re8 15. Qd3 Nd7 16. Qd2 Nce5 17. b3 Ng6 18. Bg3 b6 19. Nd4 Nde5 20. Nf5 Qe6 21.
Qf2 Rc8 22. h4 Ng4 23. Qf3 N6e5 24. Bxe5 Nxe5 25. Qf2 g6 26. Qg3 Kh8 27. Nh6
Rf8 28. Nf4 Qd7 29. h5 g5 30. Nh3 Qe6 31. Nf5 h6 32. Nf2 Kh7 33. Ng4 Nxg4 34.
Qxg4 Bf6 35. Qf3 Be5 36. Qd3 a5 37. Re2 f6 38. g4 Rf7 39. Rfe1 {remis} 1/2-1/2

[Event "ProMoPro Open"]
[Site "Praha"]
[Date "2002.09.12"]
[Round "6.14"]
[White "Zikmund, Daniel"]
[Black "Rous, Frantisek"]
[Result "0-1"]
[WhiteElo "2072"]
[BlackElo "2083"]
[PlyCount "54"]
[EventDate "2002.09.07"]

1. e4 c5 2. Nf3 d6 3. c3 Nf6 4. Bd3 Nc6 5. h3 g6 6. Bc2 Bg7 7. a3 O-O 8. d4 e5
9. O-O Re8 10. Re1 exd4 11. cxd4 cxd4 12. b4 d5 13. e5 Ne4 14. Bxe4 dxe4 15.
Rxe4 Bf5 16. Re1 Nxe5 17. Nxe5 Bxe5 18. Bb2 Rc8 19. Nd2 Rc2 20. Nf3 Rxb2 21.
Rxe5 Rxe5 22. Nxe5 Qd5 23. Nf3 d3 24. Qc1 Rc2 25. Qh6 d2 26. Rd1 Be4 27. Ng5
27... Rc1 {bily vzdal} 0-1

[Event "ProMoPro Open"]
[Site "Praha"]
[Date "2002.09.12"]
[Round "6.13"]
[White "Novak, Jindrich"]
[Black "Herskovic, Radek"]
[Result "0-1"]
[WhiteElo "1920"]
[BlackElo "2147"]
[PlyCount "151"]
[EventDate "2002.09.07"]

1. c4 e5 2. Nc3 Nf6 3. Nf3 Nc6 4. g3 Bc5 5. Bg2 d6 6. O-O O-O 7. d3 h6 8. e3
Bg4 9. h3 Bh5 10. g4 Bg6 11. d4 Bb6 12. Nd5 Be4 13. Nxb6 axb6 14. d5 Nb4 15.
Bd2 Na6 16. Ne1 Bxg2 17. Nxg2 Ne4 18. f3 Nxd2 19. Qxd2 f5 20. e4 fxg4 21. fxg4
Qe7 22. b4 Rxf1+ 23. Rxf1 Rf8 24. Rf5 Rxf5 25. gxf5 Qe8 26. a3 Qh5 27. Kh2 Nb8
28. Qe3 Nd7 29. Ne1 Nf6 30. Kg3 Qd1 31. Kf2 Kf7 32. c5 bxc5 33. bxc5 Qd4 34.
Qxd4 exd4 35. c6 bxc6 36. dxc6 Nxe4+ 37. Kf3 Nd2+ 38. Kf4 Nc4 39. a4 Na5 40.
Ke4 Nxc6 41. Kd5 Na5 42. Kxd4 Kf6 43. Ke4 c6 44. Kf4 c5 45. Ke4 Ke7 46. Nd3 Nc6
47. Nf4 Nb4 48. a5 Kd7 49. Nh5 d5+ 50. Kf3 c4 51. Nxg7 c3 52. Ne6 c2 53. Nc5+
Kd6 54. Nb3 Nc6 55. a6 Nd4+ 56. Kg2 Nxb3 57. a7 c1=Q 58. a8=Q Qb2+ 59. Kg3 Qe5+
60. Kg2 Qe4+ 61. Kg3 Nd4 62. Qf8+ Ke5 63. Qg7+ Kxf5 64. Qxh6 Ne2+ 65. Kf2 Qf4+
66. Qxf4+ Nxf4 67. h4 Nh5 68. Ke3 Ke5 69. Kd3 d4 70. Kd2 Ke4 71. Ke2 d3+ 72.
Kd2 Kd4 73. Kd1 Ke3 74. Ke1 d2+ 75. Kd1 Ng3 76. h5 {bily vzdal} 0-1

[Event "ProMoPro Open"]
[Site "Praha"]
[Date "2002.09.12"]
[Round "6.23"]
[White "Havlak, Lubomir"]
[Black "Kosar, Milan"]
[Result "1-0"]
[WhiteElo "1726"]
[BlackElo "1826"]
[PlyCount "90"]
[EventDate "2002.09.07"]

1. Nf3 c5 2. b3 Nf6 3. Bb2 e6 4. e3 d5 5. Bb5+ Bd7 6. Qe2 a6 7. Bxd7+ Nbxd7 8.
c4 dxc4 9. bxc4 Be7 10. a4 O-O 11. O-O Qc7 12. d3 Bd6 13. Nbd2 Rfd8 14. h3 Ne5
15. Nxe5 Bxe5 16. Bxe5 Qxe5 17. Nf3 Qc3 18. Rfd1 Rd7 19. Qd2 Ne4 20. Qxc3 Nxc3
21. Rd2 Rad8 22. Ne1 Ne4 23. Rc2 Nd6 24. Kf1 e5 25. f3 f5 26. g4 e4 27. fxe4
fxe4 28. d4 Rf7+ 29. Kg1 cxd4 30. exd4 Rdf8 31. c5 Nc8 32. Re2 Re7 33. Rd1 Rd8
34. Kf2 Rd5 35. Nc2 Rf7+ 36. Ke3 Rfd7 37. Rf1 b6 38. Ref2 Rd8 39. Kxe4 bxc5 40.
Rf8+ Rxf8 41. Rxf8+ Kxf8 42. Kxd5 cxd4 43. Kxd4 Ke7 44. Kc5 Kd7 45. Nb4 45...
Nd6 {cerny vzdal} 1-0

[Event "ProMoPro Open"]
[Site "Praha"]
[Date "2002.09.12"]
[Round "6.5"]
[White "Stross, Frantisek"]
[Black "Pinc, Miroslav"]
[Result "1-0"]
[WhiteElo "2266"]
[BlackElo "2221"]
[PlyCount "106"]
[EventDate "2002.09.07"]

1. e4 c5 2. Nf3 Nf6 3. Nc3 d6 4. d4 cxd4 5. Nxd4 a6 6. Bg5 Nbd7 7. Bc4 Qc7 8.
Qe2 e6 9. O-O-O 9... b5 { } 10. Bxe6 fxe6 11. Nxe6 Qb8 12. Nd5 Kf7 13. Nd8+ Kg8
14. Bxf6 Nxf6 15. Nxf6+ gxf6 16. Qh5 Qa7 17. Qd5+ Kg7 18. Rd3 h6 19. Rg3+ Kh7
20. Nf7 Qb7 21. Qh5 Rg8 22. Rxg8 Kxg8 23. Qg6+ Bg7 24. Nxh6+ Kf8 25. Rd1 Bxh6+
26. Qxh6+ Qg7 27. Qd2 Qe7 28. Qf4 Be6 29. Rxd6 Kf7 30. e5 Rg8 31. g3 f5 32. h4
Qb7 33. Qh6 Rg6 34. Qh7+ Rg7 35. Qh5+ Rg6 36. Qh7+ Rg7 37. Qh5+ Rg6 38. b3 Qe7
39. Qh7+ Rg7 40. Qh5+ Rg6 41. Rxa6 Qd7 42. Rd6 Qe7 43. Rb6 Kg7 44. Rxb5 f4 45.
Qf3 fxg3 46. fxg3 Bf7 47. Rb7 Qe6 48. g4 Kg8 49. g5 Qd5 50. Qxd5 Bxd5 51. Rd7
Be4 52. Rd6 Rg7 53. c4 53... Re7 {cerny vzdal} 1-0